[Event "First Lady's Cup"]
[Site "Surakarta/Denpasar INA"]
[Date "1982.03.02"]
[Round "18"]
[White "Suttles, Duncan"]
[Black "Kurajica, Bojan"]
[Result "0-1"]
[WhiteElo "2475"]
[BlackElo "2510"]
[EventDate "1982.02.10"]
[PlyCount "48"]

1.g3 e5 2.c4 f5 3.Nc3 Nc6 4.Bg2 Nf6 5.d3 Bb4 6.e3 Bxc3+ 7.bxc3 d6 8.Rb1 e4
9.d4 b6 10.f4 Na5 11.d5 Ba6 12.Bf1 O-O 13.Rb4 Qe8 14.Nh3 h6 15.Nf2 c6 16.
Rg1 cxd5 17.cxd5 Bxf1 18.Kxf1 Rc8 19.g4 Rxc3 20.gxf5 Qc8 21.Bd2 Nc4 22.Rg3
Nxd2+ 23.Qxd2 Rc2 24.Qd4 Qa6+ 0-1

[Event "First Lady's Cup"]
[Site "Surakarta/Denpasar INA"]
[Date "1982.03.02"]
[Round "18"]
[White "Suradiradja, Herman"]
[Black "Gheorghiu, Florin"]
[Result "0-1"]
[WhiteElo "2380"]
[BlackElo "2550"]
[EventDate "1982.02.10"]
[PlyCount "80"]

1.e4 c5 2.Nf3 e6 3.d4 cxd4 4.Nxd4 Nf6 5.Nc3 d6 6.g4 h6 7.Rg1 a6 8.h4 Nfd7 
9.g5 hxg5 10.hxg5 g6 11.Be3 b5 12.a3 Bb7 13.f4 e5 14.Nde2 exf4 15.Nxf4 Nc6
16.Nfd5 Bg7 17.Qd2 Nce5 18.Rg3 Rc8 19.Bd4 Nc5 20.O-O-O Bxd5 21.exd5 Rh4 
22.Kb1 Kf8 23.Qe3 Rc7 24.Be2 Qb8 25.b4 Rxd4 26.Rxd4 Ncd7 27.Rh3 Qb6 28.
Rdh4 Qxe3 29.Rxe3 Nb6 30.Reh3 Nbc4 31.Bxc4 Nxc4 32.Ne4 Ke7 33.Rh7 Be5 34.
Rf3 Ke8 35.Nf6+ Bxf6 36.Rxf6 Re7 37.Rh8+ Kd7 38.Ra8 Nxa3+ 39.Ka2 Nxc2 40.
Rxa6 Nxb4+ 0-1

[Event "First Lady's Cup"]
[Site "Surakarta/Denpasar INA"]
[Date "1982.03.02"]
[Round "18"]
[White "Ribli, Zoltan"]
[Black "Henley, Ronald Watson"]
[Result "0-1"]
[WhiteElo "2590"]
[BlackElo "2460"]
[EventDate "1982.02.10"]
[PlyCount "55"]

1.Nf3 f5 2.d4 g6 3.h4 Nf6 4.h5 Nxh5 5.Rxh5 gxh5 6.e4 Bg7 7.Nh4 e6 8.Qxh5+ 
Kf8 9.e5 Qe8 10.Qe2 Nc6 11.Nf3 d6 12.Nc3 dxe5 13.dxe5 b6 14.Bg5 Bb7 15.
O-O-O Rg8 16.Qe3 a6 17.a3 Nd8 18.Bc4 Bxf3 19.gxf3 Nf7 20.f4 Bxe5 21.Rh1 
Qc6 22.Rxh7 Qxc4 23.Rxf7+ Kxf7 24.Qxe5 Rg6 25.b3 Qc6 26.Kb2 Qd6 27.Qe3 Rh8
28.Ne2 0-1

[Event "First Lady's Cup"]
[Site "Surakarta/Denpasar INA"]
[Date "1982.03.02"]
[Round "18"]
[White "Ardiansyah"]
[Black "Hulak, Krunoslav"]
[Result "0-1"]
[WhiteElo "2395"]
[BlackElo "2490"]
[EventDate "1982.02.10"]
[PlyCount "68"]

1.c4 Nf6 2.Nc3 c5 3.Nf3 Nc6 4.d4 cxd4 5.Nxd4 e6 6.g3 Bc5 7.Nb3 Be7 8.Bg2 
O-O 9.O-O d6 10.Nd4 Bd7 11.Ndb5 Qb8 12.Bg5 a6 13.Bxf6 gxf6 14.Nd4 Qa7 15.
e3 Rac8 16.Nb3 Rfd8 17.Ne4 Be8 18.Qh5 Ne5 19.Rac1 b5 20.Nd4 bxc4 21.f4 Nd7
22.f5 e5 23.Qh6 d5 24.Ng5 Nf8 25.Nh3 exd4 26.Nf4 Nd7 27.Nxd5 Bf8 28.Qh5 
dxe3 29.Rf4 Bg7 30.Re4 Ne5 31.Rxe5 e2+ 32.Kh1 fxe5 33.f6 Rxd5 34.Qxe2 Qd7 
0-1

[Event "First Lady's Cup"]
[Site "Surakarta/Denpasar INA"]
[Date "1982.03.02"]
[Round "18"]
[White "Bachtiar, Arovah"]
[Black "Gunawan, Ronny"]
[Result "0-1"]
[WhiteElo "2360"]
[BlackElo "2345"]
[EventDate "1982.02.10"]
[PlyCount "80"]

1.d4 Nf6 2.c4 g6 3.Nc3 Bg7 4.e4 d6 5.f3 O-O 6.Be3 c6 7.Nge2 a6 8.a4 a5 9.
g4 Na6 10.Qd2 Nb4 11.Ng3 Nd7 12.Rd1 d5 13.cxd5 cxd5 14.e5 f6 15.exf6 exf6 
16.Bb5 Nb6 17.b3 f5 18.gxf5 Bxf5 19.Nxf5 Rxf5 20.O-O Qh4 21.Qf2 Qe7 22.Bd3
Rf7 23.Bb1 Raf8 24.Rde1 Rxf3 25.Qxf3 Rxf3 26.Rxf3 Bxd4 27.Nb5 Qh4 28.Re2 
Qg4+ 29.Kf2 Bxe3+ 30.Rexe3 Nc6 31.Nd6 Qd4 32.Bf5 gxf5 33.Nxf5 Qc5 34.Kg2 
Nd4 35.Re8+ Kf7 36.Nd6+ Kg7 37.Rf7+ Kh6 38.Rf6+ Kg5 39.Ref8 Nd7 40.h4+ Kh5
0-1

[Event "First Lady's Cup"]
[Site "Surakarta/Denpasar INA"]
[Date "1982.03.02"]
[Round "18"]
[White "Maninang, Jesus Rafael"]
[Black "Sampouw, Jacobus Sawandar"]
[Result "1-0"]
[WhiteElo "2385"]
[BlackElo "2305"]
[EventDate "1982.02.10"]
[PlyCount "115"]

1.c4 e6 2.Nc3 d5 3.d4 Nf6 4.Nf3 Be7 5.Bg5 O-O 6.e3 c6 7.Qc2 Ne4 8.Bxe7 
Qxe7 9.Nxe4 dxe4 10.Qxe4 Qb4+ 11.Nd2 Qxb2 12.Qb1 Qc3 13.Bd3 e5 14.d5 f5 
15.Be2 e4 16.Qc1 Qf6 17.O-O Nd7 18.Qa3 b6 19.Rad1 Bb7 20.f3 exf3 21.Nxf3 
c5 22.Rfe1 Rfe8 23.Bd3 b5 24.Qb3 b4 25.Qc2 g6 26.e4 fxe4 27.Bxe4 Nb6 28.h4
Qc3 29.Qf2 Nd7 30.h5 Nf6 31.Ng5 Qe5 32.Qh4 h6 33.Nf3 g5 34.Nxe5 gxh4 35.
Bg6 Red8 36.Nd3 Ba6 37.Re6 Bxc4 38.Rxf6 Bxd5 39.Nxc5 Bxa2 40.Rxd8+ Rxd8 
41.Ra6 Rd1+ 42.Kh2 Rd2 43.Ne4 Rb2 44.Rxa7 Kf8 45.Rd7 h3 46.Rd8+ Ke7 47.
Re8+ Kd7 48.Kxh3 Bc4 49.g4 b3 50.Rb8 Bf1+ 51.Kg3 Rg2+ 52.Kf3 Rb2 53.Nc5+ 
Kd6 54.Rxb3 Bg2+ 55.Kg3 Rxb3+ 56.Nxb3 Bd5 57.Nd4 Ke5 58.Nf5 1-0

[Event "First Lady's Cup"]
[Site "Surakarta/Denpasar INA"]
[Date "1982.03.04"]
[Round "19"]
[White "Keene, Raymond Dennis"]
[Black "Hort, Vlastimil"]
[Result "1/2-1/2"]
[WhiteElo "2505"]
[BlackElo "2590"]
[EventDate "1982.02.10"]
[PlyCount "30"]

1.d4 Nf6 2.c4 e6 3.Nf3 b6 4.a3 Ba6 5.Qc2 d5 6.cxd5 exd5 7.Nc3 Be7 8.g3 O-O
9.Bg2 c5 10.O-O Nbd7 11.Rd1 Bb7 12.Be3 Re8 13.Ne5 Rc8 14.Bh3 a6 15.Nxd7 
Nxd7 1/2-1/2

[Event "First Lady's Cup"]
[Site "Surakarta/Denpasar INA"]
[Date "1982.03.04"]
[Round "19"]
[White "Christiansen, Larry"]
[Black "Maninang, Jesus Rafael"]
[Result "1/2-1/2"]
[WhiteElo "2585"]
[BlackElo "2385"]
[EventDate "1982.02.10"]
[PlyCount "184"]

1.d4 Nf6 2.c4 e6 3.Nf3 b6 4.g3 Ba6 5.Qb3 d5 6.cxd5 exd5 7.Nc3 Be7 8.Bg5 
Bb7 9.Bg2 O-O 10.Bxf6 Bxf6 11.O-O Re8 12.Rad1 c6 13.e4 Na6 14.exd5 cxd5 
15.Rfe1 Rxe1+ 16.Rxe1 Nc7 17.Ne5 Qd6 18.Qa4 g6 19.h4 h5 20.Bh3 a6 21.Qb3 
Rf8 22.a3 Bg7 23.Re3 Bc8 24.Bg2 Be6 25.Ne2 b5 26.a4 Rd8 27.Nf4 Bf5 28.Re1 
Bf6 29.Qc3 b4 30.Qd2 Rb8 31.Nfd3 Ne6 32.Nf4 Nc7 33.Kh2 Rb7 34.a5 Rb5 35.
Rc1 Bxe5 36.dxe5 Qxe5 37.Re1 Qd6 38.Qd4 Ne6 39.Nxe6 Bxe6 40.Bh3 Qe7 41.
Bxe6 fxe6 42.Rc1 e5 43.Qd3 Qf7 44.Kg1 Kh7 45.Rc6 d4 46.Rxa6 Rc5 47.Qe4 Kh6
48.Kg2 b3 49.Ra8 Qd5 50.Qxd5 Rxd5 51.a6 Kg7 52.a7 Ra5 53.Kf3 Kh7 54.Ke4 
Kg7 55.f3 Kh7 56.Kd3 Ra4 57.Re8 Rxa7 58.Rxe5 Ra2 59.Re2 Ra1 60.Kxd4 Rg1 
61.Re4 Rxg3 62.Rf4 g5 63.hxg5 Kg6 64.Ke3 Rg2 65.Rb4 Kxg5 66.Rxb3 h4 67.Rb8
Kf5 68.Rf8+ Ke6 69.b4 Rb2 70.Kf4 h3 71.Rh8 Kf6 72.Rh6+ Kg7 73.Rxh3 Rxb4+ 
74.Kg5 Rb5+ 75.Kg4 Kg6 76.f4 Ra5 77.Rb3 Ra6 78.Rb5 Rc6 79.Rh5 Rc4 80.Rd5 
Rc6 81.Rg5+ Kf6 82.Rh5 Kg6 83.f5+ Kg7 84.Kg5 Ra6 85.Rh1 Rb6 86.Ra1 Kf7 87.
Ra5 Rc6 88.Ra7+ Kf8 89.Rd7 Ra6 90.Rb7 Rc6 91.Rb5 Ra6 92.f6 Ra1 1/2-1/2

[Event "First Lady's Cup"]
[Site "Surakarta/Denpasar INA"]
[Date "1982.03.04"]
[Round "19"]
[White "Gunawan, Ronny"]
[Black "Miles, Anthony John"]
[Result "1/2-1/2"]
[WhiteElo "2345"]
[BlackElo "2575"]
[EventDate "1982.02.10"]
[PlyCount "114"]

1.e4 c5 2.Nc3 Nc6 3.g3 Rb8 4.a4 g6 5.Bg2 Bg7 6.Nge2 a6 7.O-O b5 8.axb5 
axb5 9.d3 b4 10.Nd5 e6 11.Ne3 Nge7 12.f4 Nd4 13.Nxd4 cxd4 14.Nc4 d5 15.
exd5 Nxd5 16.Bd2 O-O 17.Qe2 Bb7 18.Ra7 Bc6 19.Rfa1 Bb5 20.Ne5 Qd6 21.Bxd5 
Qxd5 22.Bxb4 Rfc8 23.R1a5 Rb7 24.Qf3 Qxf3 25.Nxf3 Bc6 26.Rxb7 Bxb7 27.Ne1 
Bd5 28.Kf2 h6 29.Ke2 g5 30.Kd2 Rb8 31.c3 gxf4 32.gxf4 h5 33.Kc2 dxc3 34.
bxc3 Bd4 35.Kd2 Bg1 36.h3 f6 37.Nc2 Bb6 38.Ra1 Bc7 39.Ke3 Kf7 40.c4 Bb6+ 
41.c5 Bd8 42.Bc3 Be7 43.d4 Rg8 44.Be1 Bg2 45.h4 Rg4 46.Ra7 Ke8 47.Nb4 e5 
48.Nd3 exd4+ 49.Kxd4 Rg7 50.Rc7 f5 51.Ne5 Bf6 52.Rc8+ Ke7 53.c6 Ke6 54.Kc5
Bxe5 55.fxe5 f4 56.Kb6 Rg6 57.Ka7 Bh3 1/2-1/2

[Event "First Lady's Cup"]
[Site "Surakarta/Denpasar INA"]
[Date "1982.03.04"]
[Round "19"]
[White "Kurajica, Bojan"]
[Black "Sosonko, Gennadi"]
[Result "1/2-1/2"]
[WhiteElo "2510"]
[BlackElo "2580"]
[EventDate "1982.02.10"]
[PlyCount "28"]

1.e4 e5 2.Nf3 Nf6 3.Nxe5 d6 4.Nf3 Nxe4 5.Qe2 Qe7 6.d3 Nf6 7.Bg5 Qxe2+ 8.
Bxe2 Be7 9.Nc3 c6 10.Ne4 Nxe4 11.dxe4 Bg4 12.Bxe7 Kxe7 13.Nd4 Bxe2 14.Kxe2
g6 1/2-1/2

[Event "First Lady's Cup"]
[Site "Surakarta/Denpasar INA"]
[Date "1982.03.04"]
[Round "19"]
[White "Sampouw, Jacobus Sawandar"]
[Black "Ardiansyah"]
[Result "0-1"]
[WhiteElo "2305"]
[BlackElo "2395"]
[EventDate "1982.02.10"]
[PlyCount "86"]

1.e4 c5 2.Nf3 Nc6 3.d4 cxd4 4.Nxd4 e6 5.c4 Nf6 6.Nc3 Qc7 7.Be2 a6 8.f4 Bb4
9.Nxc6 bxc6 10.e5 Ne4 11.Qd3 f5 12.Bh5+ g6 13.Bf3 Nxc3 14.bxc3 Be7 15.O-O 
Rb8 16.Be3 Qa5 17.Qd2 Qa4 18.c5 Qa3 19.Rab1 Rb5 20.Be2 Rxb1 21.Rxb1 Bxc5 
22.Rb8 O-O 23.Bc4 Re8 24.Kf2 Kf8 25.Bxc5+ Qxc5+ 26.Qd4 Qxd4+ 27.cxd4 Ke7 
28.Ke3 a5 29.Kd2 Kd8 30.Kc3 Kc7 31.Ra8 h6 32.h4 g5 33.fxg5 hxg5 34.hxg5 
Re7 35.Rxa5 Rg7 36.Kb4 Rxg5 37.Kc5 Rxg2 38.Ra7+ Bb7 39.Ra3 f4 40.Kb4 Rg3 
41.Bf1 Rxa3 42.Kxa3 Kb6 43.Bh3 f3 0-1

[Event "First Lady's Cup"]
[Site "Surakarta/Denpasar INA"]
[Date "1982.03.04"]
[Round "19"]
[White "Henley, Ronald Watson"]
[Black "Suttles, Duncan"]
[Result "1-0"]
[WhiteElo "2460"]
[BlackElo "2475"]
[EventDate "1982.02.10"]
[PlyCount "151"]

1.d4 d6 2.c4 g6 3.Nc3 Bg7 4.e4 Nc6 5.Be3 e5 6.d5 Nce7 7.c5 f5 8.Bb5+ Kf8 
9.f3 Bh6 10.Qd2 Kg7 11.cxd6 cxd6 12.Nge2 a6 13.Bd3 Bxe3 14.Qxe3 Nf6 15.h3 
f4 16.Qf2 g5 17.a3 Ng6 18.Kd2 h5 19.g3 fxg3 20.Qxg3 Nh7 21.Rag1 Rf8 22.h4 
g4 23.Rf1 Rxf3 24.Rxf3 gxf3 25.Qxf3 Bg4 26.Qf2 Qf6 27.Qb6 Qe7 28.Ng3 Rf8 
29.Nf5+ Bxf5 30.exf5 Nf4 31.Ne4 Nxd3 32.Kxd3 Rxf5 33.Nxd6 Rf4 34.Ne4 Qd7 
35.Rg1+ Kh8 36.Qe6 Qxe6 37.dxe6 Nf6 38.e7 Ne8 39.Rg5 Rxh4 40.Rf5 Rg4 41.
Rxh5+ Kg7 42.Rxe5 Rg6 43.Nc3 Kf7 44.Nd5 Rc6 45.Re1 Rc5 46.Kd4 Rc6 47.a4 
Rd6 48.Kc5 Rc6+ 49.Kb4 a5+ 50.Kb3 Rc5 51.Nb6 Nd6 52.Nc4 Ne8 53.Ne5+ Kg7 
54.Rg1+ Kh7 55.Nd7 Rc7 56.Nf8+ Kh8 57.Rg5 b6 58.Rb5 Kg8 59.Rxb6 Rxe7 60.
Ne6 Nf6 61.Nd4 Re3+ 62.Kc4 Nd7 63.Re6 Rh3 64.Re7 Nb6+ 65.Kb5 Nd5 66.Re5 
Ne3 67.b3 Nd1 68.Kxa5 Rd3 69.Re4 Nc3 70.Rg4+ Kh7 71.Kb4 Nd1 72.a5 Rd2 73.
Nb5 Ne3 74.Re4 Nd5+ 75.Kc5 Nf6 76.Rd4 1-0

[Event "First Lady's Cup"]
[Site "Surakarta/Denpasar INA"]
[Date "1982.03.04"]
[Round "19"]
[White "Bellon Lopez, Juan Manuel"]
[Black "Ribli, Zoltan"]
[Result "0-1"]
[WhiteElo "2400"]
[BlackElo "2590"]
[EventDate "1982.02.10"]
[PlyCount "174"]

1.e4 c5 2.Nf3 d6 3.d4 cxd4 4.Nxd4 Nf6 5.Nc3 a6 6.f4 e6 7.Bd3 Nbd7 8.Nf3 
Nc5 9.O-O Be7 10.Kh1 b5 11.Qe1 b4 12.Nd1 O-O 13.Bd2 a5 14.Nf2 Bb7 15.Nd4 
Qb6 16.Nb3 Nxd3 17.cxd3 Rfc8 18.Be3 Qa6 19.Qd2 e5 20.Rac1 Qb5 21.Rxc8+ 
Rxc8 22.Rc1 a4 23.Rxc8+ Bxc8 24.Nc1 g6 25.Qc2 Be6 26.b3 a3 27.Ne2 Bd8 28.
h3 Bb6 29.Bxb6 Qxb6 30.Nd1 Qc5 31.Qxc5 dxc5 32.Ne3 Kf8 33.fxe5 Nd7 34.d4 
cxd4 35.Nxd4 Nxe5 36.Nec2 Nd3 37.Kg1 Bc8 38.e5 Bb7 39.g4 h6 40.Kh2 Ke7 41.
Kg3 Be4 42.h4 f6 43.exf6+ Kxf6 44.Nf3 Ke6 45.h5 gxh5 46.gxh5 Kd6 47.Nd2 
Bd5 48.Kg4 Kc5 49.Kf5 Bf7 50.Nb1 Bxh5 51.Nbxa3 Bd1 52.Nxb4 Nxb4 53.Nc4 Nd5
54.Kg6 h5 55.Kg5 Nc7 56.Ne3 Bf3 57.Nf5 Ne6+ 58.Kh4 Nf8 59.a4 Kd5 60.Kg3 
Be2 61.b4 Ke5 62.Nh4 Ne6 63.b5 Nc5 64.b6 Ne4+ 65.Kh3 Bg4+ 66.Kh2 Bc8 67.
Ng6+ Kf6 68.Nf4 Kg5 69.Nd5 Kg4 70.a5 h4 71.Nc7 Nc5 72.Nd5 Ba6 73.Nf6+ Kg5 
74.Ne8 Bb7 75.Nd6 Bd5 76.Nb5 Bc6 77.Nd4 Bb7 78.Kh3 Bc8+ 79.Kh2 Kg4 80.Nc6 
Bb7 81.Ne5+ Kh5 82.Nc4 Ba6 83.Ne5 Nb7 84.Nc6 Bf1 85.Kg1 Bb5 86.Nd4 Bd3 87.
Nc6 Be4 0-1

[Event "First Lady's Cup"]
[Site "Surakarta/Denpasar INA"]
[Date "1982.02.04"]
[Round "19"]
[White "Rodriguez Vargas, Orestes"]
[Black "Chandler, Murray Graham"]
[Result "0-1"]
[WhiteElo "2430"]
[BlackElo "2470"]
[EventDate "1982.02.10"]
[PlyCount "68"]

1.d4 Nf6 2.Nf3 e6 3.c4 d5 4.Bg5 h6 5.Bh4 dxc4 6.Nc3 c6 7.e4 g5 8.Bg3 b5 9.
Qc2 Qa5 10.Nd2 Nbd7 11.Be2 Ba6 12.O-O h5 13.a4 Qb6 14.axb5 Bxb5 15.h4 gxh4
16.Bxh4 Qxd4 17.Rfd1 Qb6 18.Nxc4 Bxc4 19.Bxc4 Be7 20.Ra6 Qb7 21.Rxc6 Qxc6 
22.Bb5 Qc5 23.b4 Qxb4 24.e5 Qxh4 25.exf6 Qxf6 26.Rxd7 Kf8 27.Ne4 Qa1+ 28.
Bf1 Qe5 29.Qd3 Re8 30.Rxa7 h4 31.f4 Qxf4 32.Qc3 Rh6 33.Bb5 Qxe4 34.Bxe8 
Qb1+ 0-1

[Event "First Lady's Cup"]
[Site "Surakarta/Denpasar INA"]
[Date "1982.03.04"]
[Round "19"]
[White "Gheorghiu, Florin"]
[Black "Browne, Walter Shawn"]
[Result "1/2-1/2"]
[WhiteElo "2550"]
[BlackElo "2585"]
[EventDate "1982.02.10"]
[PlyCount "32"]

1.c4 c5 2.Nf3 Nf6 3.Nc3 e6 4.g3 b6 5.Bg2 Bb7 6.O-O Be7 7.d4 cxd4 8.Qxd4 d6
9.b3 O-O 10.Bb2 a6 11.e4 Nbd7 12.Qe3 Qc7 13.Nd4 Rfe8 14.h3 Bf8 15.Rfe1 
Rad8 16.Rad1 g6 1/2-1/2

[Event "First Lady's Cup"]
[Site "Surakarta/Denpasar INA"]
[Date "1982.03.04"]
[Round "19"]
[White "Csom, Istvan"]
[Black "Suradiradja, Herman"]
[Result "1-0"]
[WhiteElo "2505"]
[BlackElo "2380"]
[EventDate "1982.02.10"]
[PlyCount "61"]

1.c4 g6 2.g3 Bg7 3.Bg2 e5 4.Nc3 d6 5.d3 Nf6 6.e4 O-O 7.Nge2 c6 8.O-O Nbd7 
9.h3 Nc5 10.Be3 Qe7 11.b3 a5 12.Qd2 Re8 13.Rfe1 Be6 14.d4 exd4 15.Nxd4 
Rad8 16.Rad1 Bc8 17.f4 Qc7 18.Bf2 b6 19.Nxc6 Bxh3 20.Nxd8 Bxg2 21.Kxg2 
Qxd8 22.Bxc5 bxc5 23.Qxd6 Qa8 24.Kf3 Qc8 25.Kg2 Qg4 26.Qd3 Nh5 27.Nd5 Bd4 
28.Qf3 Qc8 29.e5 Qf5 30.g4 Qc2+ 31.Qe2 1-0

[Event "First Lady's Cup"]
[Site "Surakarta/Denpasar INA"]
[Date "1982.03.04"]
[Round "19"]
[White "Hulak, Krunoslav"]
[Black "Spasov, Luben"]
[Result "1/2-1/2"]
[WhiteElo "2490"]
[BlackElo "2410"]
[EventDate "1982.02.10"]
[PlyCount "34"]

1.d4 Nf6 2.Nf3 e6 3.c4 b6 4.a3 Bb7 5.Nc3 d5 6.cxd5 exd5 7.g3 Bd6 8.Bg5 
Nbd7 9.Bh3 Be7 10.O-O O-O 11.Rc1 Re8 12.Qb3 c6 13.Rfd1 h6 14.Bxf6 Nxf6 15.
Ne5 Bd6 16.Nd3 Qe7 17.Bg2 Ne4 1/2-1/2

[Event "First Lady's Cup"]
[Site "Surakarta/Denpasar INA"]
[Date "1982.03.04"]
[Round "19"]
[White "Matanovic, Aleksandar"]
[Black "Bachtiar, Arovah"]
[Result "0-1"]
[WhiteElo "2495"]
[BlackElo "2360"]
[EventDate "1982.02.10"]
[PlyCount "92"]

1.e4 c5 2.Nf3 d6 3.c3 Nf6 4.Bd3 Nc6 5.Bc2 g6 6.O-O Bg7 7.d3 O-O 8.Nbd2 b5 
9.h3 Nd7 10.Re1 b4 11.cxb4 Nxb4 12.Bb1 Ba6 13.Nc4 Rb8 14.a3 Nc6 15.Re2 
Bxc4 16.dxc4 Nde5 17.Nxe5 Bxe5 18.Bd3 Rb6 19.Rb1 Qb8 20.f4 Bg7 21.Kh1 Qb7 
22.e5 dxe5 23.Be4 Qc7 24.Bxc6 Rxc6 25.fxe5 Re6 26.Bf4 Bxe5 27.Rxe5 Rxe5 
28.Qf3 Qd6 29.Qg3 f6 30.b4 Qd4 31.Bxe5 fxe5 32.bxc5 Qxc5 33.Qd3 Rf4 34.Rc1
e4 35.Qd7 Kf7 36.Qd8 e3 37.Re1 Qxc4 38.Kh2 Qc3 39.Qd5+ Kg7 40.Re2 Rf2 41.
Qb5 Rxe2 42.Qxe2 Qxa3 43.Qc4 Qd6+ 44.Kg1 Qf6 45.Qe4 Qf2+ 46.Kh2 e2 0-1

[Event "First Lady's Cup"]
[Site "Surakarta/Denpasar INA"]
[Date "1982.03.04"]
[Round "19"]
[White "Radulov, Ivan"]
[Black "Handoko, Edhi"]
[Result "1-0"]
[WhiteElo "2505"]
[BlackElo "2370"]
[EventDate "1982.02.10"]
[PlyCount "55"]

1.e4 c5 2.Nf3 d6 3.d4 cxd4 4.Nxd4 Nf6 5.Nc3 g6 6.Be2 Bg7 7.O-O Nc6 8.Be3 
Bd7 9.Qd2 Rc8 10.f4 a6 11.Nb3 b5 12.Bf3 Bg4 13.e5 dxe5 14.Qxd8+ Kxd8 15.
fxe5 Nxe5 16.Bb7 Nc4 17.Bd4 e5 18.Bf2 Nxb2 19.Bxc8 Kxc8 20.Bh4 Nd7 21.Rxf7
Bh6 22.Ne4 Nc4 23.Bg5 Bf8 24.Nf6 Nd6 25.Rxf8+ Rxf8 26.Nxg4 h5 27.Be7 hxg4 
28.Bxd6 1-0

[Event "First Lady's Cup"]
[Site "Surakarta/Denpasar INA"]
[Date "1982.03.05"]
[Round "20"]
[White "Chandler, Murray Graham"]
[Black "Hort, Vlastimil"]
[Result "1/2-1/2"]
[WhiteElo "2470"]
[BlackElo "2590"]
[EventDate "1982.02.10"]
[PlyCount "129"]

1.e4 Nf6 2.e5 Nd5 3.d4 d6 4.Nf3 Bg4 5.Be2 e6 6.O-O Be7 7.c4 Nb6 8.Be3 O-O 
9.Nc3 a6 10.b3 N8d7 11.h3 Bf5 12.exd6 cxd6 13.Re1 h6 14.Bd3 Bxd3 15.Qxd3 
Rc8 16.Rad1 Re8 17.Bf4 Bf8 18.Re3 Nf6 19.Bh2 Qc7 20.Nd2 Qc6 21.Rde1 Red8 
22.Nf3 Qc7 23.Nh4 Nbd7 24.Qe2 Qa5 25.Rb1 Qh5 26.Nf3 Nb8 27.Rd1 Qa5 28.Qb2 
Qc7 29.Qe2 Nbd7 30.Nh4 Re8 31.Nf3 Qb6 32.Bg3 Qb4 33.Ne1 Qa5 34.Qb2 Qh5 35.
Bh2 Qa5 36.Nd3 Qb6 37.Ne2 Qa7 38.Rc1 b5 39.a4 Qb7 40.Qa2 bxc4 41.bxc4 Rb8 
42.c5 Rec8 43.Bxd6 Bxd6 44.cxd6 Rxc1+ 45.Ndxc1 Qb4 46.Qa3 Qxa3 47.Rxa3 Ne4
48.Rb3 Kf8 49.Rxb8+ Nxb8 50.Nb3 Nxd6 51.Nc3 Ke7 52.Kf1 Nc6 53.d5 Nb4 54.
dxe6 Kxe6 55.Nd4+ Ke5 56.Nf3+ Kf4 57.Ke2 Nc4 58.Ne1 Nb2 59.Nf3 Nc4 60.Ne1 
Ke5 61.Nd3+ Nxd3 62.Kxd3 Nb6 63.a5 Nd5 64.Na4 Nb4+ 65.Kc3 1/2-1/2

[Event "First Lady's Cup"]
[Site "Surakarta/Denpasar INA"]
[Date "1982.03.05"]
[Round "20"]
[White "Maninang, Jesus Rafael"]
[Black "Keene, Raymond Dennis"]
[Result "0-1"]
[WhiteElo "2385"]
[BlackElo "2505"]
[EventDate "1982.02.10"]
[PlyCount "84"]

1.e4 c5 2.Nf3 d6 3.c3 Nf6 4.Bd3 Nc6 5.Bc2 Bg4 6.d3 g6 7.Nbd2 Bg7 8.O-O O-O
9.h3 Bd7 10.Re1 Rc8 11.a3 Qc7 12.Nf1 Rfd8 13.Re2 Ne5 14.N3h2 Bb5 15.f4 
Ned7 16.Qe1 c4 17.d4 e5 18.fxe5 dxe5 19.d5 Nh5 20.a4 Ba6 21.g3 Nc5 22.Bg5 
Re8 23.Qd1 Qd6 24.Rf2 Rf8 25.Ng4 f6 26.Be3 Nd3 27.Bxd3 cxd3 28.b4 Bc4 29.
Bc5 Rxc5 30.bxc5 Qxc5 31.Nge3 Nxg3 32.Nxg3 Qxe3 33.Qf3 Bh6 34.Rd1 Qxf3 35.
Rxf3 d2 36.Rf2 Bb3 37.Rdxd2 Bxd2 38.Rxd2 Bxa4 39.Ra2 b5 40.c4 Rc8 41.cxb5 
Rc1+ 42.Kf2 Rc2+ 0-1

[Event "First Lady's Cup"]
[Site "Surakarta/Denpasar INA"]
[Date "1982.03.05"]
[Round "20"]
[White "Ardiansyah"]
[Black "Christiansen, Larry"]
[Result "0-1"]
[WhiteElo "2395"]
[BlackElo "2585"]
[EventDate "1982.02.10"]
[PlyCount "104"]

1.e4 d6 2.d4 Nf6 3.Nc3 g6 4.Nf3 Bg7 5.Be2 O-O 6.O-O c6 7.a4 Qc7 8.h3 e5 9.
Re1 Nbd7 10.Bf1 exd4 11.Nxd4 Re8 12.Bf4 Nh5 13.Bh2 Be5 14.g3 Qb6 15.Nb3 a5
16.Qd3 Nc5 17.Nxc5 dxc5 18.Nd1 Be6 19.c3 Rad8 20.Qe2 f5 21.Ne3 f4 22.Nc4 
Qc7 23.Nxe5 Qxe5 24.Bg2 Nxg3 25.Bxg3 fxg3 26.Rf1 Rf8 27.Qe3 gxf2+ 28.Rxf2 
Rxf2 29.Qxf2 Kg7 30.Qe3 Bb3 31.h4 Rf8 32.Ra3 Bc4 33.Ra1 Bb3 34.Qd3 Rf4 35.
Qd7+ Rf7 36.Qd3 b6 37.Ra3 Be6 38.Ra1 Qf4 39.Rf1 Qxh4 40.Rxf7+ Bxf7 41.Qd6 
Qg5 42.Qxc6 Qc1+ 43.Bf1 Qe3+ 44.Kh1 h5 45.Bg2 Qc1+ 46.Kh2 Qxb2 47.e5 Qxc3 
48.Qf6+ Kg8 49.Bh3 Qd2+ 50.Kg3 g5 51.e6 Be8 52.Bf1 Qf4+ 0-1

[Event "First Lady's Cup"]
[Site "Surakarta/Denpasar INA"]
[Date "1982.03.05"]
[Round "20"]
[White "Miles, Anthony John"]
[Black "Matanovic, Aleksandar"]
[Result "1/2-1/2"]
[WhiteElo "2575"]
[BlackElo "2495"]
[EventDate "1982.02.10"]
[PlyCount "67"]

1.d4 Nf6 2.c4 e6 3.Nf3 b6 4.a3 d5 5.Nc3 Be7 6.cxd5 exd5 7.g3 O-O 8.Bg2 Bb7
9.O-O c5 10.Qc2 Nbd7 11.Rd1 Rc8 12.Be3 Ne4 13.Rac1 Nxc3 14.Qxc3 cxd4 15.
Qxd4 Bc5 16.Qd3 Bxe3 17.Qxe3 Re8 18.Qd2 Nf6 19.Nd4 Qd7 20.Qf4 h6 21.Bf3 
Ba6 22.h4 Rxc1 23.Rxc1 Rc8 24.Rxc8+ Bxc8 25.Qb8 Kh7 26.e3 Ba6 27.Qe5 Bd3 
28.Qf4 Qh3 29.Bg2 Qc8 30.b4 Bg6 31.Bf1 Qc1 32.Kg2 Qxa3 33.b5 Be4+ 34.f3 
1/2-1/2

[Event "First Lady's Cup"]
[Site "Surakarta/Denpasar INA"]
[Date "1982.03.05"]
[Round "20"]
[White "Sosonko, Gennadi"]
[Black "Henley, Ronald Watson"]
[Result "1/2-1/2"]
[WhiteElo "2580"]
[BlackElo "2460"]
[EventDate "1982.02.10"]
[PlyCount "37"]

1.d4 Nf6 2.c4 e6 3.g3 c5 4.Nf3 cxd4 5.Nxd4 d5 6.Bg2 e5 7.Nf3 d4 8.O-O Nc6 
9.e3 d3 10.Nc3 Be6 11.b3 Qd7 12.e4 Bg4 13.Nd5 Nxe4 14.Qxd3 f5 15.Bb2 Bd6 
16.Rad1 O-O-O 17.Qc2 Qf7 18.Rde1 Rhf8 19.Nh4 1/2-1/2

[Event "First Lady's Cup"]
[Site "Surakarta/Denpasar INA"]
[Date "1982.03.05"]
[Round "20"]
[White "Browne, Walter Shawn"]
[Black "Csom, Istvan"]
[Result "1/2-1/2"]
[WhiteElo "2585"]
[BlackElo "2505"]
[EventDate "1982.02.10"]
[PlyCount "56"]

1.d4 b5 2.e4 Bb7 3.Nd2 a6 4.Ngf3 e6 5.Bd3 c5 6.c3 d6 7.O-O Nd7 8.a4 c4 9.
Bc2 Ngf6 10.Re1 Be7 11.e5 Nd5 12.exd6 Bxd6 13.Ne4 Be7 14.axb5 axb5 15.Rxa8
Bxa8 16.Ne5 O-O 17.Qh5 f5 18.Ng5 Bxg5 19.Bxg5 N5f6 20.Qe2 Bd5 21.Nc6 Qa8 
22.Ne7+ Kf7 23.Nxd5 Qxd5 24.h3 Re8 25.Qd1 Qc6 26.Bxf6 Nxf6 27.Re5 Rd8 28.
b3 Nd5 1/2-1/2

[Event "First Lady's Cup"]
[Site "Surakarta/Denpasar INA"]
[Date "1982.03.05"]
[Round "20"]
[White "Handoko, Edhi"]
[Black "Gheorghiu, Florin"]
[Result "1-0"]
[WhiteElo "2370"]
[BlackElo "2550"]
[EventDate "1982.02.10"]
[PlyCount "83"]

1.e4 c5 2.Nf3 d6 3.d4 cxd4 4.Nxd4 Nf6 5.Nc3 a6 6.Be2 e5 7.Nb3 Be7 8.O-O 
Be6 9.f4 Qc7 10.Kh1 Nbd7 11.a4 O-O 12.Nd2 exf4 13.Nf3 Nc5 14.Bd3 Nxd3 15.
cxd3 d5 16.e5 Nh5 17.d4 f6 18.Re1 Rae8 19.Bd2 g6 20.Rc1 Qb6 21.a5 Qxa5 22.
exf6 Bxf6 23.Qb3 Bf7 24.Rxe8 Rxe8 25.Qxb7 Re7 26.Qa8+ Re8 27.Qc6 Bg7 28.
Ng5 Rf8 29.Nxf7 Rxf7 30.Ne4 Qb5 31.Qc8+ Bf8 32.Nd6 Qe2 33.Nxf7 Kxf7 34.
Qd7+ Kf6 35.Ba5 Kg5 36.Qxd5+ Kh6 37.Bd8 Be7 38.Bxe7 Qxe7 39.Qc5 Qe2 40.
Qf8+ Kg5 41.Rc5+ Kg4 42.Qc8+ 1-0

[Event "First Lady's Cup"]
[Site "Surakarta/Denpasar INA"]
[Date "1982.03.05"]
[Round "20"]
[White "Bachtiar, Arovah"]
[Black "Radulov, Ivan"]
[Result "0-1"]
[WhiteElo "2360"]
[BlackElo "2505"]
[EventDate "1982.02.10"]
[PlyCount "76"]

1.e4 c5 2.Nf3 Nc6 3.d4 cxd4 4.Nxd4 Nf6 5.Nc3 d6 6.Be2 e6 7.O-O Be7 8.Be3 
O-O 9.f4 a6 10.Kh1 Bd7 11.Qe1 Nxd4 12.Bxd4 Bc6 13.Bf3 Nd7 14.Rd1 Qc7 15.
Qg3 e5 16.fxe5 Nxe5 17.Be2 b5 18.Bd3 Rfe8 19.Rf5 Bf8 20.Rdf1 g6 21.Bxe5 
Rxe5 22.Rxe5 dxe5 23.Nd1 Bd7 24.Ne3 Be6 25.b3 Bg7 26.Ng4 Rd8 27.h3 Qe7 28.
Nh2 Qa3 29.Nf3 Qxa2 30.Nxe5 Qa3 31.Ng4 Qe7 32.Qf3 Qg5 33.Rd1 a5 34.Ne3 a4 
35.bxa4 bxa4 36.Nc4 Qc5 37.Nd2 a3 38.Qf1 a2 0-1

[Event "First Lady's Cup"]
[Site "Surakarta/Denpasar INA"]
[Date "1982.03.05"]
[Round "20"]
[White "Rodriguez Vargas, Orestes"]
[Black "Gunawan, Ronny"]
[Result "1/2-1/2"]
[WhiteElo "2430"]
[BlackElo "2345"]
[EventDate "1982.02.10"]
[PlyCount "41"]

1.d4 Nf6 2.Nf3 g6 3.Bg5 Bg7 4.Nbd2 d6 5.c3 O-O 6.e4 Nc6 7.Be2 e5 8.dxe5 
Nxe5 9.Nxe5 dxe5 10.O-O Qe7 11.a4 h6 12.Bh4 a5 13.Qc2 b6 14.Nc4 Bb7 15.f3 
Bc6 16.b3 Rfd8 17.Rad1 Qe8 18.Ne3 Rd7 19.Bc4 Rxd1 20.Rxd1 b5 21.axb5 
1/2-1/2